| Tag |
First Indicator |
Second Indicator |
Subfields |
| LEADER |
00000cam a2200000Ia 4500 |
| 001 |
in00001663197 |
| 005 |
20151024121149.0 |
| 008 |
990823s1998 sp a b 001 0 spa d |
| 019 |
|
|
|a 47034691
|
| 020 |
|
|
|a 8437610206
|
| 035 |
|
|
|a (OCoLC)ocm42207891
|
| 040 |
|
|
|a ABC
|c ABC
|d LPU
|d TXA
|d UtOrBLW
|
| 049 |
|
|
|a TXAM
|
| 090 |
|
|
|a PQ6388
|b .E2 1998
|
| 092 |
|
|
|a S 862 E56-2 1998
|e mcb
|
| 100 |
1 |
|
|a Encina, Juan del,
|d 1468-1529?
|
| 245 |
1 |
0 |
|a Teatro completo /
|c Juan del Encina ; edición de Miguel Angel Pérez Priego.
|
| 250 |
|
|
|a 2a ed.
|
| 264 |
|
1 |
|a Madrid :
|b Cátedra,
|c [1998]
|
| 264 |
|
4 |
|c ©1998
|
| 300 |
|
|
|a 379 pages :
|b illustrations ;
|c 18 cm.
|
| 336 |
|
|
|a text
|b txt
|2 rdacontent
|
| 337 |
|
|
|a unmediated
|b n
|2 rdamedia
|
| 338 |
|
|
|a volume
|b nc
|2 rdacarrier
|
| 490 |
1 |
|
|a Letras hispánicas ;
|v 339
|
| 504 |
|
|
|a Includes bibliographical references (pages 87-94) and index.
|
| 700 |
1 |
|
|a Pérez Priego, Miguel Angel.
|
| 830 |
|
0 |
|a Letras hispánicas ;
|v 339.
|
| 948 |
|
|
|a cataloged
|b h
|c 2002/2/26
|d c
|e jgreene
|f 6:25:31 pm
|
| 994 |
|
|
|a E0
|b TXA
|
| 999 |
|
|
|a MARS
|
| 999 |
f |
f |
|s c7ddfbf3-4388-3eca-9857-035f8425a299
|i 941af5d6-0ac5-3e30-b0db-3c4a5726f803
|t 0
|
| 952 |
f |
f |
|p ric
|a Texas A&M University
|b Rellis Campus
|c Joint Library Facility
|d Remote Storage
|t 0
|e PQ6388 .E2 1998
|h Library of Congress classification
|i unmediated -- volume
|m A14828534761
|
| 998 |
f |
f |
|a PQ6388 .E2 1998
|t 0
|l Remote Storage
|